00597nam a2200121Ia 4500001000700000008004100007100003100048245013000079260003200209300001000241502010400251650012000355Z_4844220601s9999 xx 000 0 und d aMendoza Guzmán, Salvador aInfluencia del cinc sobre comportamiento productivo y características de canal en corderos / por Salvador Mendoza Guzmán aChapingo, Méx. : El autor a58 h. aTesis (Maestro en Ciencias Especialista en Producción Animal) -- UACH. Departamento de Zootecnia a1. Zinc en nutrición animal 2. Carne en canal 3. Ganado lanar - Engorda 4. Zinc5. Ganado lanar - ProducciónÌ